00581nam a22001337a 4500008004100000020001800041082002200059100002800081245012100109260004400230300003000274650011500304700002800419150522b xxu||||| |||| 00| 0 eng d a9789962898535 a720.728.7bM 478c aMcMichael Reese, Carol  aEl Canal de Panama y su legado arquitectonico (1905-1920)bThe Panama Canal and its architectural legacy (1905-1920) aColombiabPrinter Colombiana S.A.c2013 a225bill. (col)c18x25 cm xArquitectura-Panama-zona de canalxCanal-zona-estructuras-edificiosxEdificios historicos-Panama-zona de canal aMcMichael Reese, Carol